000 00783nam a22002417a 4500
999 _c34178
_d34178
001 3517
003 CO-MdFUSB
005 20180622073137.0
008 180306t1909 enk||||| |||| 00| 0 eng d
040 _aCO-MdFUSB
_bspa
_cCO-MdFUSB
_dCO-MdFUSBC
_erda
041 0 _aeng
082 0 4 _aG 227.1 M8471a
100 1 _aMorgan, G. Campbell (George) (1863-1945)
_eautor
245 1 4 _aThe Analized Bible
_b : The Epistle of Paul the Apostle to the Romans
_c/ G. Campbell Morgan
264 4 _aLondres :
_b Fleming H. Revell,
_c©1909
300 _a220 Pag
336 _2rdacontent
_atexto
_btxt
337 _2rdamedia
_asin mediación
_bn
338 _2rdacarrier
_avolumen
_bnc
650 1 4 _aBIBLIA N.T. - ROMANOS - COMENTARIOS
653 _aBiblia N.T. - Romanos - Comentarios
942 _cBK